000 00926nam a22002537a 4500
003 OSt
005 20250410151021.0
008 250410b |||||||| |||| 00| 0 eng d
020 _a9783031162473 (hardcover)
040 _aNUST
_beng
_cNUST
_dNUST
_erda
050 _aTJ254.5 MAC
245 _aMachine learning and its application to reacting flows :
_bML and combustion /
_cNedunchezhian Swaminathan and Alessandro Parente.
260 _aCham :
_bSpringer,
_c2023.
336 _2rdamedia
_atext
_btxt
337 _2rdamedia
_aunmediated
_bn
338 _2rdamedia
_avolume
_bnc
504 _aIncludes bibliographical references and index.
650 _vCombustion -- Data processing.
650 _vMachine learning.
650 _vTurbulence -- Data processing.
700 _aSwaminathan, Nedunchezhian
_eEditor
700 _aParente, Alessandro
_eEditor
942 _2lcc
_cBOOKS
_hTJ254.5 MAC
_kTJ
_mMAC
_n0
999 _c171587
_d171587